Gave You Five II Quiz Stats

 Plays Quiz Updated Dec 20, 2011

Also try: Gave You Five
Challenge
Share
Tweet
Embed
Score 0/24 Timer 06:00
0 Plays Today
The Five The Category % Correct
Phoebe
Joey
Chandler
Monica
Ross
Characters on Friends
94.1%
Revolver
Rope
Candlestick
Wrench
Lead Pipe
Clue(do) weapons
91.8%
Mustang
Focus
Fiesta
Taurus
Fusion
Ford models
89.8%
Ariel
Tiana
Mulan
Jasmine
Aurora
Disney Princesses
83.9%
Bumblebee
Optimus Prime
Megatron
Shockwave
Starscream
Transformers
78.4%
Shiloh
Bull Run
Vicksburg
Antietam
Gettysburg
US Civil War Battles
75.1%
State
Justice
Interior
Labor
Transportation
US Cabinet Departments
68.3%
Clipping
False Start
Offside
Holding
Face Mask
Football penalties
63.6%
Timothy
John
Philemon
Revelation
Romans
New Testament books
60.9%
Acceptance
Denial
Anger
Bargaining
Depression
5 Stages of Grief
57.4%
Carson
Leno
O'Brien
Allen
Paar
Hosts of the Tonight Show
53.5%
Indiana
Iowa
Nebraska
Purdue
Northwestern
The Big Ten Conference
51.1%
The Five The Category % Correct
Marta
Kurt
Liesl
Friedrich
Brigitta
The Von Trapp Family children
50.2%
Spanish
Catalan
Romanian
French
Italian
Romance Languages
48.1%
Niger
Congo
Zambezi
Limpopo
Volta
African rivers
46.2%
Song
Ming
Tang
Han
Yuan
Chinese Dynasties
45.1%
Galway
Donegal
Cork
Kerry
Limerick
Counties of Ireland
44.3%
Baby Be Mine
Beat It
Billie Jean
The Girl is Mine
P.Y.T.
Songs on Thriller
29.3%
Gertrude
Polonius
Ophelia
Marcellus
Claudius
Characters in Hamlet
28.3%
Pole Vault
Javelin
Discus
Hurdles
High Jump
Decathlon events
24.9%
Tryptophan
Alanine
Tyrosine
Glutamine
Lysine
Amino acids
24%
Rope
Frenzy
Marnie
Topaz
Spellbound
Hitchcock films
16.3%
Vassar
Barnard
Radcliffe
Wellesley
Bryn Mawr
The Seven Sisters
13.9%
Diamond
Orthoclase
Talc
Apatite
Gypsum
Minerals in the Mohs' Scale
11.7%

You're not logged in!

Compare scores with friends on all Sporcle quizzes.
Join for Free
OR
Log In

You Might Also Like...

Show Comments

Extras

Top Quizzes Today


Score Distribution

Your Account Isn't Verified!

In order to create a playlist on Sporcle, you need to verify the email address you used during registration. Go to your Sporcle Settings to finish the process.

Report this User

Report this user for behavior that violates our Community Guidelines.

Details: